000 01092cam a22002775a 4500
005 20091103014612.0
008 090911s2009 ii ab b 100 0 eng d
010 _aENG-95351
020 _a9788131306604
_c1695.00
035 _aEN-78884
037 _aDBAD/PUB
040 _aDPL
_beng
100 _aBanik, Sudip Datta
245 _aEnvironment Challenes of the 21st Century
_cby Sudip Datta Banik, Saikat Kumar Basu
260 _aNew Delhi :
_bAPH Publishing Corporation
_c2009
270 _a4435-36/7. Ansari road, Darya Ganj
_bNew Delhi
_e110002
300 _a xii,384p.
_c22 cm. (Hb)
500 _aBibliography references.
520 _aContributed articles.
610 _aCollege of Fort St. George (Madras, India)
651 _aMadras (India)
_xIntellectual life
_y19th century.
700 _aBasu, Saikat Kumar
942 _2ddc
_cEN
_mBAN
999 _c31444
_d31444